Nuevo compendio de la Mitologia (Registro nro. 5333)
[ vista simple ]
| 000 -LEADER | |
|---|---|
| campo de control de longitud fija | 00888npm a2200229 i 4500 |
| 001 - NÚMERO DE CONTROL | |
| campo de control | 5333 |
| 003 - IDENTIFICADOR DE NÚMERO DE CONTROL | |
| campo de control | ES-MaACL |
| 005 - FECHA Y HORA DE LA ÚLTIMA TRANSACCIÓN | |
| campo de control | 20250719063306.0 |
| 007 - CAMPO FIJO DE DESCRIPCIÓN FÍSICA--INFORMACIÓN GENERAL | |
| campo de control de longitud fija | hzrazu bucu |
| 008 - DATOS DE LONGITUD FIJA--INFORMACIÓN GENERAL | |
| campo de control de longitud fija | 900503r19901826sp b 00010 spa d |
| 080 ## - NÚMERO DE LA CLASIFICACIÓN DECIMAL UNIVERSAL | |
| Número de la Clasificación Decimal Universal | 292 |
| 100 1# - ENTRADA PRINCIPAL--NOMBRE DE PERSONA | |
| Nombre de persona | Pérez Zaragoza Godínez, Agustín, |
| Fechas asociadas al nombre | ca. 1780- |
| 9 (RLIN) | 131479 |
| 245 10 - MENCIÓN DEL TÍTULO | |
| Título | Nuevo compendio de la Mitologia |
| Resto del título | : [Microforma] : o sea ciencia o esplicacion de la fabula, para poder conocer la alegria de las Divinidades del Gentilismo... / |
| Mención de responsabilidad, etc. | por A.P. Zaragoza Godinez. |
| 260 ## - PUBLICACIÓN, DISTRIBUCIÓN, ETC. | |
| Lugar de publicación, distribución, etc. | Madrid : |
| Nombre del editor, distribuidor, etc. | Ateneo Cientifico, Literario y Artistico, |
| Fecha de publicación, distribución, etc. | 1990. |
| 300 ## - DESCRIPCIÓN FÍSICA | |
| Extensión | 1 microficha : |
| Otras características físicas | negativo. |
| 500 ## - NOTA GENERAL | |
| Nota general | Publicado originalmente: Madrid, Impr. E. Aguado, 1826. |
| 650 14 - PUNTO DE ACCESO ADICIONAL DE MATERIA--TÉRMINO DE MATERIA | |
| Término de materia o nombre geográfico como elemento de entrada | Obras de 1800. |
| 9 (RLIN) | 15662 |
| 852 ## - LOCALIZACIÓN | |
| Ubicación | ES-MaACL |
| Número de control de estantería | MCF-32 |
| itemnumber | 5450 |
| Ubicación en estantería | Depósito 1 |
| 942 ## - ELEMENTOS DE ENTRADA SECUNDARIOS (KOHA) | |
| Fuente del sistema de clasificación o colocación | Clasificación decimal universal |
| Tipo de ítem Koha | Libro impreso |
| Estatus retirado | Estado de pérdida | Fuente del sistema de clasificación o colocación | Estado de daño | No para préstamo | Colección | Biblioteca de origen | Biblioteca actual | Ubicación en estantería | Fecha de adquisición | Total de préstamos | Signatura topográfica completa | Código de barras | Visto por última vez | Precio de reemplazo | Tipo de ítem Koha |
|---|---|---|---|---|---|---|---|---|---|---|---|---|---|---|---|
| Clasificación decimal universal | Libros del s. XIX | Biblioteca del Ateneo de Madrid | Biblioteca del Ateneo de Madrid | Depósito 1 | 17/01/2008 | MCF-32 | 1005396 | 23/02/2023 | 23/02/2023 | Microforma |
